Kartkowka z geografi - Statystyki

Ogólne statystyki
  • Ten quiz został rozwiązany 64 razy
  • Średni wynik to 26 z 37
Statystyki odpowiedzi
Hint Odpowiedź % Poprawnych
Usa Waszyngton
96%
Meksyk Meksyk
94%
Kanada Ottawa
94%
Brazylia Brasilia
82%
Argentyna Buenos Aires
82%
Panama Panama
80%
Egipt Kair
78%
Chiny Pekin
78%
Korea Południowa Seul
78%
Kolumbia Bogota
76%
Turcja Ankara
75%
Peru Lima
73%
Chile Santiago
73%
Algieria Algier
71%
Indie Nowe Delhi
71%
Japonia Tokio
71%
Australia Canberra
69%
Wenezuela Caracas
69%
Mongolia Ułan Bator
69%
Tunezja Tunis
67%
Indonezja Dżakarta
65%
RPA Kapsztad
65%
Iran Teheran
65%
Tajlandia Bangkok
63%
Afganistan Kabul
63%
Kenia Nairobi
63%
Arabia Saudyjskia Rijad
63%
Ekwador Quito
61%
Etiopia Addis Abeba
59%
Nepal Katmandu
59%
Filipiny Manila
59%
Korea Północna Pjongjang
59%
Libia Trypolis
59%
Kazachstan Astana
57%
Irak Bagdad
57%
Nowa Zelandia Wellington
57%
Pakistan Islamabad
51%
Nie znaleziono quizów pasujących do podanych kryteriów
Rozkład punktacji
Procent ludzi z każdym wynikiem
Percentyl według liczby udzielonych odpowiedzi
Twoja historia wyników
Nie rozwiązałeś tego quizu